000 00586nam a2200181 i 4500
001 63792
003 ES-MaACL
005 20250905063042.0
007 t|
008 031217s1957 sp ||||1| spa d
100 1 _aFigueras Pacheco, Francisco,
_d1880-1960
_950766
245 1 0 _aCompendio histórico de Alicante /
_cFrancisco Figueras Pacheco.
260 _aAlicante :
_bComisión Provincial de Monumentos,
_c1957 (
_fImp. Layetana)
300 _a256 p. ;
_c21 cm.
651 4 _aAlicante-
_xHistoria.
_97681
852 _aES-MaACL
_jC-14069
_bR.40820
999 _c63792
_d63792